| 000 | 00530nam a22001817a 4500 | ||
|---|---|---|---|
| 003 | CEME | ||
| 005 | 20210628210115.0 | ||
| 008 | 210211b xxu||||| |||| 00| 0 eng d | ||
| 020 | _a1-987-722-104 | ||
| 040 | _c. | ||
| 082 | _a629.2-SAE DIE | ||
| 100 |
_aBosch Bauer, Horst _978148 |
||
| 245 | _aDiesel fuel injection an overview | ||
| 260 |
_aGERMANY _bROBERT BOSCH _c1996 |
||
| 300 | _a46P | ||
| 650 |
_aFUEL INJECTION SYSTEMS FUEL INJECTION TECHNIQUES FUEL MANAGEMENT DIESEL ENGINE DIESEL FUELS _978149 |
||
| 942 |
_cBK _2ddc |
||
| 999 |
_c583308 _d583308 |
||